[Event "Mauricie-ch"]
[Site "Trois Rivieres"]
[Date "1984.08.23"]
[Round "1.2"]
[White "Frechette, Rejean"]
[Black "Gelinas, Renaud"]
[Result "0-1"]
[WhiteElo "1363"]
[BlackElo "1671"]
[PlyCount "44"]
[EventDate "1984.08.??"]
[EventType "k.o."]
[EventRounds "3"]
[EventCountry "CAN"]
[SourceTitle "EXT 2022"]
[Source "ChessBase"]
[SourceDate "2021.10.06"]
[SourceVersion "1"]
[SourceVersionDate "2021.10.06"]
[SourceQuality "1"]

1. e4 e5 2. f4 exf4 3. Nf3 Be7 4. Qe2 Nc6 5. a3 d6 6. h3 Nf6 7. d3 Nh5 8. Rg1 0-0 9. Nc3 Re8 10. Kd1 Ne5 11. Nxe5 Ng3 12. Qf3 dxe5 13. Nd5 Bc5 14. Bxf4 exf4 15. Qxf4 Bxg1 16. Qxg3 Bb6 17. Kc1 c6 18. Nxb6 Qxb6 19. Kb1 Be6 20. c4 Qb3 21. Be2 Bxc4 22. Qe3 Rad8 0-1